| 000 | 01091nam a2200253 i 4500 | ||
|---|---|---|---|
| 001 | 124940 | ||
| 003 | ES-MaACL | ||
| 005 | 20250808010925.0 | ||
| 007 | t| | ||
| 008 | 070424s1933 sp ||||1| spa d | ||
| 245 | 0 | 0 | _aContestación del Gobierno español al cuestionario para la X Conferencia Internacional del Trabajo sobre el seguro de enfermedad y proyectos de conferencia. |
| 260 |
_aMadrid : _b[s.n.], _c1933 ( _fImp. y Enc. de los Sobrinos de la Sucesora de M. Minuesa de los Ríos) |
||
| 300 |
_a50 p. ; _c20 cm. |
||
| 490 | 1 |
_aPublicaciones del Instituto Nacional de Previsión ; _v395 |
|
| 594 | _aPrecede al tít.: Unificación de los seguros sociales. | ||
| 611 | 2 | 4 |
_aConferencia Internacional del Trabajo ( _n10ª. _d1927. _cGinebra) _9171579 |
| 650 |
_aSeguridad social. _9136859 |
||
| 650 | 4 |
_aSeguros. _9136860 |
|
| 650 | 0 | 7 |
_aSeguros de vida _2embne _917028 |
| 710 | 2 |
_aInstituto Nacional de Previsión (España) _95180 |
|
| 830 | 1 |
_aPublicaciones del Instituto Nacional de Previsión ; _v395 _9181151 |
|
| 852 |
_aES-MaACL _jC-12661(8) |
||
| 999 |
_c124940 _d124940 |
||